Visualizzazione normale
Vista MARC
- Seigel R.
di Personal Name
Records bibliografici associati: 1
001 - CONTROL NUMBER
- control field: 7448
003 - CONTROL NUMBER IDENTIFIER
- control field: IT-RoPau
005 - DATE AND TIME OF LATEST TRANSACTION
- control field: 20140104110928.0
008 - FIXED-LENGTH DATA ELEMENTS
- fixed length control field: 140104|| aca||aabn | a|a d
040 ## - CATALOGING SOURCE
- Original cataloging agency: IT-RoPau
- Transcribing agency: IT-RoPau
100 ## - HEADING--PERSONAL NAME
- Personal name: Seigel R.
- Miscellaneous information: Codice autore musica SPICS: 14098
- Relator term: Autore musica
- Name of part/section of a work: It's a Long Way To Georgia
670 ## - SOURCE DATA FOUND
- Source citation: Work cat.: (IT-RoPau)99708: AA.VV. 794, Oh Susanna-Le grandi canzoni del west